| 000 | 00922cam a22002777a 4500 | ||
|---|---|---|---|
| 003 | CHAP | ||
| 005 | 20220329142448.0 | ||
| 008 | 010326d2000 mx a r 00110 spa d | ||
| 010 | _a83817 | ||
| 011 | _a84789 | ||
| 020 | _a9701505735 | ||
| 035 | _a95315 | ||
| 040 | _cCHAP | ||
| 082 | 0 | 4 |
_a363.119 _bO3 |
| 110 | 2 |
_aOficina Internacional del Trabajo _982806 |
|
| 245 | 1 | 0 |
_aSeguridad y salud en el trabajo forestal : _brepertorio de recomendaciones prácticas de la OIT _c/por Oficina Internacional del Trabajo |
| 260 |
_aMéxico, D. F. : _bAlfaomega, _c2000. |
||
| 300 |
_a175 p. : _bilus. |
||
| 590 |
_aBATCH-UPD _b10 _c20130110 _lUCH01 _h2007 |
||
| 590 |
_aCONVERSION _b10 _c20130109 _lUCH01 _h1347 |
||
| 650 | 1 | 4 |
_aBosques _xMedidas de seguridad. _914336 |
| 901 | _aBK | ||
| 905 | _aLilia Sánchez G. | ||
| 942 | _cLIBRO | ||
| 949 |
_a363.119 O3 _bBC _cLIBRO _d33724000820551 _eLIBRO _gI.211031 _h100001 _i95315 _si _t$142.00 |
||
| 999 |
_c83817 _d83817 |
||